000 00941nam a22001937a 4500
999 _c64083
_d64083
003 Ge_BSU
005 20260325145717.0
008 260325s1986 ge ||||| |||| 00| 0 geo d
041 _ageo
080 _a339(075.8) : 658.6/9(075.8) ჯ-85
100 _aჯულაყიძე, გ.
_927206
245 _aვაჭრობის ეკონომიკა, ორგანიზაცია და დაგეგმვა :
_b[დამხმ. სახელმძღვ. სტუდენტებისათვის] /
_c გ. ჯულაყიძე.
264 _aთბილისი :
_bთბილ. უნ-ტის გამ-ბა,
_c1986.
300 _a377 გვ. ;
_b20 სმ.
653 _aვაჭრობის ეკონომიკა
653 _aვაჭრობის ორგანიზაცია
653 _aვაჭრობის დაგეგმვა
942 _2udc
_cᲬᲘᲒᲜᲘ